00936nam a2200241Ia 4500003000400000005001700004008004100021020001800062040001800080041000800098082002100106100002800127245009300155250001200248260005200260300002500312650006300337650003700400650003200437942003000469999001900499952017600518OSt20240503133519.0210716s2014 xx 000 0 und d a9781625271747 cAIMIT LIBRARY aeng a374.22 21bKOTJ aKotter, John P.9163064 aAccelerate : bbuilding strategic agility for a faster-moving world /cBy John P Kotter. a1st ed. aBoston :bHarvard Business Review Book ,c2014. ax,206p. ;bHBc22 cm aSeizing opportunities with a dual operating system9163065 aLeadership and evolution9163066 aThe big opportunity9163067 2ddccBKe1stk374.22 KOTJ c209140d209140 00102ddc40708MBAaAIMITbAIMITd2015-03-18g895.00iBill no:1413; Bill dt:2015-03-13l1o374.22 KOTJpMBA11706r2026-05-23 00:00:00s2025-08-04v671.25w2021-07-16yBK